Vocabulaire technique et critique de la philosophie
Guardat en:
| Autor principal: | |
|---|---|
| Format: | Llibre |
| Idioma: | francès |
| Publicat: |
París
Universitaires de France
1951
|
| Edició: | 6a. ed |
| Matèries: | |
| Etiquetes: |
Afegir etiqueta
Sense etiquetes, Sigues el primer a etiquetar aquest registre!
|
MARC
| LEADER | 00000nam a2200000 a 4500 | ||
|---|---|---|---|
| 001 | UCK3048 | ||
| 003 | CL-VaPUC | ||
| 008 | 050408e19510000FR |||||||||||||||||fre|d | ||
| 082 | 0 | 4 | |a 103 |b LAL |2 21 |
| 100 | |a Lalande, André |e author |9 491080 | ||
| 245 | 1 | 0 | |a Vocabulaire technique et critique de la philosophie |
| 250 | |a 6a. ed | ||
| 300 | |a 1301 p | ||
| 942 | |c BK | ||
| 945 | |d 20050408 00:00:00 |a cmena | ||
| 260 | |a París |b Universitaires de France |c 1951 | ||
| 650 | 0 | |a Filosofía |9 223554 | |
| 650 | 0 | |a Diccionarios |9 256200 | |
| 650 | 0 | |a Glosarios |9 261047 | |
| 650 | 0 | |a Lexicografía |9 321487 | |
| 583 | |a last modification |c 20050408 00:00:00 |k Rodrigo Vera | ||
| 999 | |c 312386 |d 312384 | ||
| 952 | |0 0 |1 0 |4 0 |6 103_000000000000000_LAL_1951 |7 0 |8 X |9 382701 |a BIBEDU |b BIBEDU |d 2019-11-21 |i 4108779 |o 103 LAL 1951 |p 4108779 |r 2023-01-13 |w 2019-11-21 |y BK_X |k FIL | ||